Emotional Wellness (Record no. 17460)

MARC details
000 -LEADER
fixed length control field 00604nam a2200229 a 4500
020 ## - INTERNATIONAL STANDARD BOOK NUMBER
ISBN 9780307406217
082 00 - DEWEY DECIMAL CLASSIFICATION NUMBER
Classification number 291.4
Author Cutter OSH4
100 ## - MAIN ENTRY--AUTHOR NAME
Author name Osho,
245 ## - TITLE STATEMENT
Title Emotional Wellness
Sub title Transforming Fear, Anger, and Jealousy into Creative Energy
260 ## - PUBLICATION, DISTRIBUTION, ETC. (IMPRINT)
Place of publication New York, USA
Name of publisher Harmony Books
Year of publication 2007
300 ## - PHYSICAL DESCRIPTION
Number of Pages 293p
500 ## - GENERAL NOTE
General note includes index and biblioraphy
650 ## - SUBJECT ADDED ENTRY--TOPICAL TERM
Topical Term Spirituality
942 ## - ADDED ENTRY ELEMENTS (KOHA)
Koha item type Books
700 1# -
-- Osho,
Holdings
Collection code Home library Current library Date acquired Cost, normal purchase price Full call number Accession Number Koha item type
  Henry Martyn Institute Library Henry Martyn Institute Library 01/01/2005 350.00 291.4 OSH4 024502 Books
                   Copyright © 2026 | Henry Martyn Institute | Hyderabad | TS-500052 | INDIA | Implemented by hmi.edu.in
Hit-Count:

Powered by Koha